Harry Potter - Personnages A-Z - Statistiques

Statistiques générales
  • Ce quiz a été pris 42 fois
  • Le résultat moyen est 88 sur 167
Statistiques - réponses
NOM Prénom % Correct
POTTER Harry
88%
POTTER James Sirius
88%
BLACK Sirius
88%
POTTER Albus Severus
85%
WEASLEY Fred
85%
WEALSEY Fred Jr.
85%
WEASLEY Ginny
85%
ROGUE Severus
85%
JEDUSOR Tom
85%
LESTRANGE Bellatrix
82%
DIGGORY Cédric
82%
MALEFOY Drago
82%
WEASLEY Ron
82%
DUMBLEDORE Albus
79%
OMBRAGE Dolores
79%
DELACOUR Fleur
79%
GRANGER Hermione
79%
POTTER Lily
79%
POTTER Lily Luna
79%
MALEFOY Lucius
79%
LOVEGOOD Luna
79%
McGONAGALL Minerva
79%
LONDUBAT Neville
79%
PETTIGROW Peter
79%
HAGRID Rubeus
79%
WEASLEY Arthur
76%
DURSLEY Dudley
76%
WEALSEY George
76%
LOCKHART Gilderoy
73%
DURSLEY Pétunia
73%
LUPIN Remus
73%
DURSLEY Vernon
73%
KRUM Viktor
73%
CROUPTON Barty Jr.
70%
CROUPTON Barty Sr.
70%
POTTER James
70%
MALEFOY Narcissa
70%
SERPENTARD Salazar
70%
WEASLEY Bill
67%
CHANG Cho
67%
CRIVEY Colin
67%
ABBOT Hannah
67%
POUFSOUFFLE Helga
67%
FLAMEL Nicolas
67%
DUBOIS Olivier
67%
FINNIGAN Seamus
67%
TRELAWNEY Sibylle
67%
CRABBE Vincent
67%
LOVEGOOD Xenophilius
67%
MAUGREY Alastor
64%
FUDGE Cornelius
64%
THOMAS Dean
64%
GRYFFONDOR Godric
64%
SLUGHORN Horace
64%
KARKAROFF Igor
64%
WEASLEY Molly
64%
WEASLEY Molly Jr.
64%
PATIL Padma
64%
PARKINSON Pansy
64%
PATIL Parvati
64%
SKEETER Rita
64%
DIGGORY Amos
61%
RUSARD Argus
61%
WEASLEY Charlie
61%
FLITWICK Filius
61%
DELACOUR Gabrielle
61%
GOYLE Gregory
61%
BELL Katie
61%
JORDAN Lee
61%
TONKS Nymphadora
61%
CHOURAVE Pomona
61%
SERDAIGLE Rowena
61%
DUMBLEDORE Abelforth
58%
TOURDESAC Bathilda
58%
LONDUBAT Frank
58%
GRINDELWALD Gellert
58%
BROWN Lavande
58%
DEAUCLAIRE Pénélope
58%
WEASLEY Percy
58%
LONDUBAT Alice
55%
DUMBLEDORE Ariana
55%
ZABINI Blaise
55%
GREYBACK Fenrir
55%
SHACKLEBOLT Kingsley
55%
MAXIME Olympe
55%
QUIRRELL Quirinus
55%
WEASLEY Rose
55%
SCRIMGEOUR Rufus
55%
ROCADE Stan
55%
BONES Susan
55%
JOHNSON Angelina
52%
DOLOHOV Antonin
52%
BURBAGE Charity
52%
McLAGGEN Cormac
52%
OLLIVANDER Garrick
52%
MALEFOY Scorpius
52%
TONKS Ted
52%
CARROW Amycus
48%
MACMILLAN Ernie
48%
BELBY | FLINT Marcus
48%
DURSLEY Marjorie
48%
BULSTRODE Millicent
48%
FLETCHER Mondingus
48%
POMFRESH Poppy
48%
BIBINE Renée
48%
CARROW Alecto
45%
CRIVEY Dennis
45%
DOGE Elphias
45%
GAUNT Elvis
45%
SERDAIGLE Helena
45%
WEASLEY Hugo
45%
PEVERELL Ignotus
45%
PINCE Irma
45%
GAUNT Mérope
45%
LUPIN Teddy
45%
SPINNET Alicia
42%
DIPPET Armando
42%
LONDUBAT Augusta
42%
SINISTRA Aurora
42%
FINCH-FLETCHLEY Justin
42%
DUMBLEDORE Perceval
42%
TONKS Andromeda
39%
GOLDSTEIN Anthony
39%
DUMBLEDORE Kendra
39%
VERPEY Ludovic
39%
HOPKRIK Mafalda
39%
WEASLEY Victoire
39%
FIGG Arabella
36%
GAUNT Morfin
36%
BINNS Cuthbert
33%
ROSIER Evan
33%
CORNER Michael
33%
BLACK Walburga
33%
PEVERELL Cadmus
30%
DIGGLE Dedalus
30%
WEASLEY Lucy
30%
VANE Romilda
30%
ROGUE Tobias
30%
WEASLEY Dominique
27%
WEASLEY Louis
27%
BLACK Orion
27%
WEASLEY Roxanne
27%
PEVERELL Antioch
24%
ROOKWOOD Augustus
24%
PRINCE Eileen
24%
DAWLISH John
24%
THICKNESS Pius
24%
DAVIES Roger
24%
VECTOR Septima
24%
WEASLEY Bilius
21%
YAXLEY Corban
21%
CATTERMOLE Reginal
21%
GOBE-PLANCHE Wilhelmina
21%
RUNCORN Albert
18%
DERWENT Dilys
18%
SMITH Hepzibah
18%
BLACK Phineas Nigellus
18%
SMITH Zacharias
18%
BABBLING Bathsheba
15%
McKINNON Marlene
15%
CATTERMOLE Mary
15%
HORNBY Olive
12%
BLACK Regulus Arcturus
12%
MACNAIR Walden
12%
TÊTENJOY Galatea
9%
JONES Gwenog
3%
Aucun quiz correspondant
Distribution des résultats
% des personnes avec chaque résultat
Percentile par nombre de réponses
Votre historique - résultats
Vous n’avez pas pris ce quiz